| 000 | 00455cam a2200181ua 4500 | ||
|---|---|---|---|
| 020 | _c2.50 | ||
| 041 |
_ahin _h |
||
| 082 |
_a891.54 _bVID/SA |
||
| 100 | _aVidya Sagar, Sharma . | ||
| 245 |
_aSahakarita ka uday aur vikas / _cVidya sagar sharma. _hTextual Documents |
||
| 250 |
_a2 / _b. |
||
| 260 |
_aNew Delhi : _bSasta Sahitya Mandir , _c1965. |
||
| 300 | _a144 ; . | ||
| 365 | _a2.50 | ||
| 504 | _a | ||
| 942 | _cBK | ||
| 999 |
_c11934 _d11934 |
||